000 00653nam a2200229Ia 4500
003 OSt
005 20220926023858.0
006 a|||||r|||| 00| 0
007 ta
008 220923b |||||||| |||| 00| 0 eng d
037 _cGeneral Book
040 _aRTL
_cRTL
_beng
041 _2eng
_aeng
082 _aX, H8;K6.1-H8;K6.2/TD3
100 _aBoulding Kenneth E
_97238
245 0 _aEconomic analysis 2V
250 _a4
260 _aNY
_bHarper and Row UK
_c1966
500 _aAppendix: p697-720; Appendix: p265-75
942 _hX, H8;K6.1-H8;K6.2/TD3
_cGB
_2CC
999 _c642518
_d642518